[Event "Akureyri"]
[Site "Akureyri"]
[Date "1994.??.??"]
[Round "?"]
[White "Danielsen, Henrik"]
[Black "Thorhallsson, Throstur"]
[Result "0-1"]
[WhiteElo "2480"]
[BlackElo "2470"]
[Annotator "Ribli,Z"]
[PlyCount "80"]
[EventDate "1994.02.??"]
[EventType "tourn"]
[EventRounds "11"]
[EventCountry "ISL"]
[EventCategory "10"]
[SourceTitle "CBM 040"]
[Source "ChessBase"]
[SourceDate "1994.06.01"]
[SourceVersion "1"]
[SourceVersionDate "1994.06.01"]
[SourceQuality "1"]

1. c4 Nf6 2. Nc3 d5 3. cxd5 Nxd5 4. e4 $6 (4. g3 $5) 4... Nb4 5. Qa4+ (5. d3 e5
6. Nf3 Bc5 7. a3 N4c6 8. Bg5 f6 9. Be3 Bb6 10. Rc1 O-O $10 {Rossetto-Schweber/
Argentina/1963/ECO/}) 5... N8c6 6. Bb5 a6 7. Bxc6+ Nxc6 8. Nf3 Bd7 9. d4 e5 $5
10. dxe5 (10. d5 Nd4 11. Qd1 Nxf3+ (11... Bg4 $5) 12. Qxf3 Bd6 13. O-O O-O $13)
10... Nxe5 11. Qd1 Bd6 12. Nxe5 (12. O-O Bg4 $15) 12... Bxe5 13. Be3 O-O 14.
O-O Bc6 15. Qg4 $6 (15. Qc2 Qe7 $13) 15... Qe7 16. Rac1 Rad8 17. Rfe1 Qb4 $1
$15 18. Bf4 (18. Re2 f5 $1) 18... f5 $1 19. Qg3 Bxf4 20. Qxf4 fxe4 21. Qe3 Qxb2
22. Re2 Qa3 23. Nxe4 Rd3 $1 24. Qc5 (24. Qg5 h6 $19) 24... Bxe4 25. Qxa3 Rxa3
26. Rxe4 Rxa2 $19 27. f3 Rd8 28. h4 Rd7 29. Rb1 b6 30. Rc1 Rad2 31. Kh2 c5 32.
Re8+ Kf7 33. Rb8 R2d6 34. Ra8 a5 35. Ra6 Rc7 36. Rc4 Ke6 37. Kg3 Kd5 38. Rc1
Rg6+ 39. Kf2 c4 40. h5 Re6 0-1

[Event "Interpolis"]
[Site "Tilburg"]
[Date "1992.10.09"]
[Round "1.2"]
[White "Kosten, Anthony C"]
[Black "Blees, Albert"]
[Result "1/2-1/2"]
[WhiteElo "2515"]
[BlackElo "2415"]
[Annotator "Ribli,Z"]
[PlyCount "119"]
[EventDate "1992.10.08"]
[EventType "k.o."]
[EventRounds "7"]
[EventCountry "NED"]
[SourceTitle "CBM 032"]
[Source "ChessBase"]
[SourceDate "1993.02.01"]
[SourceVersion "1"]
[SourceVersionDate "1993.02.01"]
[SourceQuality "1"]

1. c4 Nf6 2. Nc3 g6 3. g3 Bg7 4. Bg2 d6 5. e4 e5 6. Nge2 h5 $5 (6... O-O 7. O-O
c6 8. d3 a6 9. h3 b5 10. Be3 Nbd7 11. f4 Bb7 12. Qd2 Re8 13. Rac1 Rb8 14. f5 d5
$13 {Hassapis,D-Henningan,M Oakham 1992 CBM/30}) 7. h4 O-O 8. d3 c6 9. O-O Na6
10. Rb1 Bg4 11. f3 Be6 12. Bg5 Qb6+ 13. Kh2 Nh7 14. Na4 Qc7 15. Be3 f5 16. Bh3
Qd7 17. Nac3 Rf7 18. Ng1 Nc7 19. exf5 Bxf5 (19... gxf5 20. f4 Nf6 21. Nf3 Ng4+
22. Bxg4 fxg4 23. Ng5 $14) 20. Ne4 d5 21. Nc5 Qe7 22. Nxb7 dxc4 23. Bxf5 gxf5
24. dxc4 f4 $44 25. gxf4 Ne6 26. Nd6 Rxf4 (26... Rd8 $5) 27. Nh3 Qxh4 28. Qe1
Nhg5 $1 29. Qg3 Raf8 $1 30. Bxf4 Rxf4 31. Ne4 Nxh3 32. Qxh4 (32. Qxh3 Qe7 $44)
32... Rxh4 33. Kg3 Rxe4 34. fxe4 Nhg5 35. Rbe1 Kh7 36. b4 Nd4 37. Rf2 Kg6 38.
a4 Nge6 39. b5 Bf6 40. Rb2 Bd8 41. bxc6 Nxc6 42. Rb5 Kg5 43. Rd1 h4+ 44. Kh2
Kf4 45. Rd6 Ncd4 46. Rb7 a5 47. c5 Nf3+ 48. Kh1 Nxc5 49. Rf7+ Kg3 50. Rxd8 Nxe4
51. Rg8+ Kf2 52. Rg2+ Ke3 53. Rb2 Nf2+ 54. Kg2 h3+ 55. Kg3 Nh1+ 56. Kg4 e4 57.
Rb3+ Ke2 58. Rb2+ Ke3 59. Rb3+ Ke2 60. Rb2+ 1/2-1/2

[Event "Capablanca Memorial-A"]
[Site "Cienfuegos"]
[Date "1991.??.??"]
[Round "11"]
[White "Armas, Jorge"]
[Black "Neverov, Valeriy"]
[Result "0-1"]
[WhiteElo "2395"]
[BlackElo "2540"]
[Annotator "Ribli,Z"]
[PlyCount "77"]
[EventDate "1991.??.??"]
[EventType "tourn"]
[EventRounds "13"]
[EventCountry "CUB"]
[EventCategory "10"]
[SourceTitle "CBM 026"]
[Source "ChessBase"]
[SourceDate "1992.02.01"]
[SourceVersion "1"]
[SourceVersionDate "1992.02.01"]
[SourceQuality "1"]

1. Nf3 Nf6 2. c4 g6 3. Nc3 d5 4. cxd5 Nxd5 5. Qa4+ Bd7 6. Qb3 Nb6 7. h4 $6 (7.
d4 Bg7 8. Bg5 $5 Be6 9. Qc2 O-O 10. Rd1 c6 11. e4 Bg4 12. Qd2 Qc7 13. Be2 Re8
14. O-O N8d7 15. h3 Bxf3 16. Bxf3 Nf8 17. b3 $14 {Savon,V-Lhagvasuren,C
Cheliabinsk 1991 CBM/25}) 7... h6 8. d4 Bg7 9. e4 Bg4 $1 10. Be3 Bxf3 11. gxf3
Bxd4 12. Rd1 e5 13. f4 N8d7 $1 14. h5 Qe7 15. hxg6 fxg6 16. Rxd4 (16. Bxd4 exd4
17. Rxd4 O-O-O $15) 16... exd4 17. Bxd4 Rf8 18. a4 O-O-O 19. a5 Nc5 $1 20. Bxc5
Qxc5 21. axb6 Rxf4 $44 22. Qe6+ Kb8 23. bxc7+ Qxc7 24. Qxg6 Qd7 25. Be2 (25.
Nd5 Rxe4+ 26. Qxe4 Re8 27. Bd3 Rxe4+ 28. Bxe4 Qa4 $44) 25... Qd2+ 26. Kf1 Rdf8
27. Qg3 Ka8 $1 28. Rh5 a6 29. Rf5 R8xf5 30. exf5 Rxf5 31. Qg8+ Ka7 32. Nd1 Qf4
33. Qe6 Re5 34. Qd7 h5 35. Qd3 h4 36. Bf3 h3 37. Bh1 h2 38. Ne3 Rb5 39. Qc4 0-1

[Event "CHN-CIS"]
[Site "Beijing"]
[Date "1991.??.??"]
[Round "?"]
[White "Ye, Rongguang"]
[Black "Lputian, Smbat G"]
[Result "1/2-1/2"]
[WhiteElo "2515"]
[BlackElo "2570"]
[Annotator "Ribli,Z"]
[PlyCount "88"]
[EventDate "1991.??.??"]
[EventType "team"]
[EventRounds "9"]
[EventCountry "CHN"]
[SourceTitle "CBM 028"]
[Source "ChessBase"]
[SourceDate "1992.06.01"]
[SourceVersion "1"]
[SourceVersionDate "1992.06.01"]
[SourceQuality "1"]

1. c4 Nf6 2. Nc3 d5 3. cxd5 Nxd5 4. Nf3 g6 5. Qa4+ Bd7 6. Qh4 Nxc3 (6... Nb6 $6
7. d4 Bg7 8. Bh6 Bf6 9. Qg3 Nc6 10. O-O-O e6 11. e4 $16 {Sorokin,M-Lhagvasuren,
C Cheliabinsk 1991 CBM/25}) (6... Nf6 $6 7. e4 Bg4 8. Ne5 Be6 9. f4 $14 {
Kasparov,G-Popovic,P Belgrade 1989 CBM/16 48/10}) 7. dxc3 (7. bxc3 c5 8. Rb1
Qc7 9. Qg3 Qxg3 10. hxg3 b6 11. e4 Bc6 12. Ne5 Ba4 $1 13. Bc4 e6 14. Bb3 Bxb3
15. axb3 Nd7 $10 {Milos,G-Fernandez Garcia,J EXP/20  49/(15)}) 7... Nc6 8. e4
e6 $6 (8... e5 $1 9. Qxd8+ Rxd8 10. Be3 f6 11. Nd2 $10 {Hauchard,A-Miralles,G
FRA-ch 1991 CBM/27}) 9. Qg3 f6 10. e5 $1 fxe5 11. Bg5 $1 (11. Nxe5 Bd6 12. Nxc6
Bxc6 13. Qh3 Qe7 $13) 11... Be7 12. h4 Bxg5 13. hxg5 (13. Nxg5 Qf6 14. O-O-O
O-O-O 15. Bc4 $146) 13... Qe7 14. Nxe5 (14. O-O-O O-O-O 15. Bb5 $146) 14...
O-O-O 15. O-O-O Nxe5 16. Qxe5 Rhf8 17. f4 Rf5 18. Qe3 Kb8 19. g3 Re8 20. Rh2 a6
21. Rhd2 (21. Bd3 Ra5 22. a3 $14) 21... Bc8 22. Bh3 Ra5 23. Kb1 (23. a3 $5)
23... Rd5 $1 24. a3 (24. Rxd5 exd5 25. Qxe7 Rxe7 26. Bxc8 Kxc8 27. Rxd5 Re3 28.
g4 Rg3 $10) 24... Qf7 25. Qe4 Red8 26. Kc1 R8d6 27. Bg2 Rxd2 28. Rxd2 Qd7 29.
Rd4 Rxd4 30. Qxd4 Qxd4 31. cxd4 c6 $10 32. b4 Kc7 33. Bf1 Kd6 34. Bc4 Bd7 35.
Kd2 Bc8 36. Ke3 Bd7 37. g4 Bc8 38. Bf1 Bd7 39. a4 Bc8 40. a5 Bd7 41. Ke4 Be8
42. Bc4 Bd7 43. Bf1 Bc8 44. Bd3 Bd7 1/2-1/2

[Event "Beersheba"]
[Site "Beersheba"]
[Date "1990.??.??"]
[Round "8"]
[White "Greenfeld, Alon"]
[Black "Ftacnik, Lubomir"]
[Result "1/2-1/2"]
[WhiteElo "2530"]
[BlackElo "2560"]
[Annotator "Ribli,Z"]
[PlyCount "43"]
[EventDate "1990.03.??"]
[EventType "tourn"]
[EventRounds "9"]
[EventCountry "ISR"]
[EventCategory "13"]
[SourceTitle "CBM 017"]
[Source "ChessBase"]
[SourceDate "1990.08.01"]
[SourceVersion "1"]
[SourceVersionDate "1990.08.01"]
[SourceQuality "1"]

1. Nf3 Nf6 2. c4 g6 3. Nc3 d5 4. cxd5 Nxd5 5. Qa4+ Bd7 6. Qh4 Nxc3 7. dxc3 Nc6
8. e4 e5 9. Qxd8+ Rxd8 10. b4 $5 (10. Bc4 f6 11. b4 Ra8 {Gomez,M-Sion Castro,M/
Salamanca 1989}) 10... f6 11. Be3 Ra8 12. Bc4 a5 13. b5 Nd8 14. a4 Be6 15. Bd5
(15. Nd2 $5) 15... Bxd5 16. exd5 b6 17. Nd2 Nb7 18. Ke2 f5 19. f3 Rd8 20. c4
Bc5 21. Nb3 Bxe3 22. Kxe3 1/2-1/2

[Event "Muenster"]
[Site "Muenster"]
[Date "1992.??.??"]
[Round "9"]
[White "Libeau, Rene"]
[Black "Gauglitz, Gernot"]
[Result "1-0"]
[WhiteElo "2420"]
[BlackElo "2435"]
[Annotator "Ribli,Z"]
[PlyCount "75"]
[EventDate "1992.07.??"]
[EventType "tourn"]
[EventRounds "11"]
[EventCountry "GER"]
[EventCategory "8"]
[SourceTitle "CBM 031"]
[Source "ChessBase"]
[SourceDate "1992.12.01"]
[SourceVersion "1"]
[SourceVersionDate "1992.12.01"]
[SourceQuality "1"]

1. c4 Nf6 2. Nf3 g6 3. Nc3 d5 4. cxd5 Nxd5 5. e4 Nxc3 6. dxc3 Qxd1+ 7. Kxd1 Bg7
$2 (7... Nc6 8. Be3 e5 9. Bc4 f6 10. Kc2 Nd8 11. a4 Nf7 12. Nd2 Nd6 13. Bd5 c6
14. Bb3 Ke7 15. f4 $1 $14 {Timman,J-Kozul,Z Belgrade 1989 CBM/16}) (7... f6 $1
8. Be3 e5 9. Nd2 Be6 10. Bc4 Kf7 $1 11. Kc2 Be7 $1 12. b4 a5 13. a3 Rd8 14.
Bxe6+ Kxe6 $10 {Ribli,Z-Epishin,V Vienna 1991 CBM/26}) 8. Bf4 c6 9. Kc2 Nd7 10.
Bc4 e5 11. Be3 h6 12. Rad1 a5 13. a4 $14 Bf8 14. Rd2 f5 15. exf5 gxf5 16. Re1
Be7 17. Rde2 e4 18. Nd2 Bg5 19. Bd4 $1 Rh7 20. f3 c5 21. Bg1 Be7 22. fxe4 Ne5
23. exf5 Bxf5+ 24. Kb3 Nxc4 25. Nxc4 Bd3 26. Rd2 O-O-O 27. Red1 Bxc4+ 28. Kxc4
b6 29. b4 axb4 30. cxb4 Rxd2 31. Rxd2 cxb4 32. Bxb6 Rg7 33. h3 Rg3 34. a5 Rc3+
35. Kb5 Ra3 36. a6 b3 37. Re2 Bf6 38. Kc6 1-0

[Event "Cheliabinsk"]
[Site "Cheliabinsk"]
[Date "1991.??.??"]
[Round "?"]
[White "Sorokin, Maxim"]
[Black "Lhagvasuren, Cedendemberel"]
[Result "1-0"]
[WhiteElo "2500"]
[BlackElo "2350"]
[Annotator "Ribli,Z"]
[PlyCount "39"]
[EventDate "1991.??.??"]
[EventType "tourn"]
[EventRounds "11"]
[EventCountry "URS"]
[EventCategory "7"]
[SourceTitle "CBM 025"]
[Source "ChessBase"]
[SourceDate "1991.12.01"]
[SourceVersion "1"]
[SourceVersionDate "1991.12.01"]
[SourceQuality "1"]

1. c4 Nf6 2. Nf3 g6 3. Nc3 d5 4. cxd5 Nxd5 5. Qa4+ Bd7 6. Qh4 Nb6 $6 (6... Nf6
$6 7. e4 Bg4 8. Ne5 Be6 9. f4 Bg7 10. Qf2 O-O 11. d4 Nc6 12. Nxc6 bxc6 13. h3
Qb8 14. Bd3 $14 {Kasparov,G-Popovic,P Belgrade 1989 48/10 CBM/16}) (6... Bc6 $6
7. Qd4 f6 8. e4 Nxc3 9. bxc3 e5 10. Qe3 Qe7 11. a4 Nd7 12. Bb5 $14 {Polgar,
Zsu-Peelen,P Wijk-B 1990 CBM/17}) (6... Nxc3 $1 7. dxc3 Nc6 8. e4 e5 9. Qxd8+ (
9. Bg5 $1 Be7 10. Bc4 h6 11. Bxe7 Qxe7 12. Qxe7+ Kxe7 13. O-O-O Rhd8 14. Bd5
Kf6 15. Rd2 Rab8 16. Rhd1 Be8 17. Ne1 Ne7 18. Bb3 Rxd2 19. Rxd2 Nc6 20. Rd5 Ke7
21. Nc2 Bd7 22. Ba4 a6 23. Nb4 b5 24. Nxa6 bxa4 25. Nxb8 Nxb8 26. Rxe5+ $14 {
Neverov,V-Krasenkov,M Moscow op 1990 EXP/19}) 9... Rxd8 10. Be3 f6 11. Nd2 h5
12. O-O-O Bh6 13. Bxh6 Rxh6 14. Nb3 b6 15. Bb5 Ne7 $10 {Barbero,G-Epishin,V
Frankfurt 1990 CBM/20}) 7. d4 Bg7 8. Bh6 $1 Bf6 9. Qg3 Nc6 10. O-O-O e6 11. e4
$16 Rg8 12. h4 Bg7 13. Bf4 Rc8 14. h5 Ne7 15. hxg6 hxg6 16. Ne5 Nc6 17. Bg5 Bf6
18. Bxf6 Qxf6 19. Ng4 Qe7 20. e5 1-0

[Event "Dhaka"]
[Site "Dhaka"]
[Date "1995.??.??"]
[Round "4"]
[White "Serper, Grigory"]
[Black "Sevillano, Enrico"]
[Result "1-0"]
[WhiteElo "2585"]
[BlackElo "2440"]
[Annotator "Ribli,Z"]
[PlyCount "51"]
[EventDate "1995.??.??"]
[EventType "tourn"]
[EventRounds "13"]
[EventCountry "BAN"]
[EventCategory "9"]
[SourceTitle "CBM 048"]
[Source "ChessBase"]
[SourceDate "1995.10.01"]
[SourceVersion "1"]
[SourceVersionDate "1995.10.01"]
[SourceQuality "1"]

1. c4 Nf6 2. Nc3 d5 3. cxd5 Nxd5 4. g3 g6 5. Bg2 Nb6 6. d3 Bg7 7. Be3 {Diese
Variante gibt einen kleinen aber dauerhaften Vorteil fuer den Anziehenden 
(siehe SURVEY,CBM46).} c6 $6 (7... Nc6 $5) (7... O-O $5) 8. Qd2 h6 9. Nf3 Be6 (
9... Nd5 10. Bd4 Nf6 11. h3 O-O 12. O-O Nbd7 13. Rfd1 Kh7 14. b4 $14 {Huebner,
R-Agdestein,A/Oslo/1984/}) 10. O-O Na6 11. Rab1 g5 $6 {Dieser Zug gefaellt mir
nicht, weil Schwarz nur seinen Koenigsfluegel schwaecht.} (11... Nc7 12. b4
Ncd5 13. Bd4 $14) 12. b4 $1 Nc7 13. b5 Nbd5 (13... Nxb5 14. Nxb5 cxb5 15. Rxb5
$16) 14. Bd4 Nf6 15. bxc6 bxc6 {>< c6} 16. Be5 Ncd5 17. Nd4 Bd7 18. Na4 $1 {
Schwarz ist positionell ueberspielt.} O-O 19. Rfc1 Rc8 20. Rb7 a5 21. Nc5 Bg4 (
21... Be8 22. Nde6 $1 fxe6 23. Nxe6 $18) 22. h3 Bh5 23. Nf5 $1 Bg6 24. Nxg7
Kxg7 25. e4 Nc7 26. Qxa5 {Weiss gewinnt mindestens noch einen P. Dieses
typische Beispiel zeigt, wie einfach man gewinnen kann, wenn der Gegner keine
Ahnung ueber die Variante hat.} (26. Qxa5 Nce8 27. Qxd8 Rxd8 28. Rxe7 $18) 1-0

[Event "Kecskemet"]
[Site "Kecskemet"]
[Date "1990.??.??"]
[Round "4"]
[White "Arkhipov, Sergey"]
[Black "Muse, Mladen"]
[Result "1-0"]
[WhiteElo "2440"]
[BlackElo "2425"]
[Annotator "Ribli,Z"]
[PlyCount "71"]
[EventDate "1990.06.??"]
[EventType "tourn"]
[EventRounds "13"]
[EventCountry "HUN"]
[EventCategory "8"]
[SourceTitle "CBM 020"]
[Source "ChessBase"]
[SourceDate "1991.02.01"]
[SourceVersion "1"]
[SourceVersionDate "1991.02.01"]
[SourceQuality "1"]

1. c4 Nf6 2. Nc3 d5 3. cxd5 Nxd5 4. Nf3 g6 5. Qa4+ Nc6 6. Ne5 Ndb4 7. a3 Bg7 8.
axb4 Bxe5 9. b5 Nb8 10. e3 O-O 11. Be2 (11. d4 Bg7 12. Be2 c6 13. O-O a6 14.
bxc6 Nxc6 {Kosic,D-Ilicnic,Z JUG-ch 1990 CBM/17}) 11... Nd7 12. d4 Bg7 13. O-O
Nb6 14. Qc2 Bd7 15. Bf3 $14 Bf5 16. e4 Bd7 17. Rd1 c6 18. bxc6 Bxc6 19. d5 Bd7
20. Bf4 Nc4 21. Be2 b5 22. Bxc4 bxc4 23. Ra6 Qc8 24. Rda1 Bd4 25. Qd2 Bb6 26.
h4 $1 f6 27. Be3 Qb7 28. d6 exd6 29. Bxb6 axb6 30. Rxa8 Rxa8 31. Rxa8+ Qxa8 32.
Qxd6 Qc6 33. Qb8+ Kg7 34. Nd5 b5 35. h5 Qe6 36. h6+ $1 1-0

[Event "San Martin"]
[Site "San Martin"]
[Date "1994.??.??"]
[Round "5"]
[White "Scarella, Enrique Alejandro"]
[Black "Sanchez Almeyra, Jorge"]
[Result "1/2-1/2"]
[WhiteElo "2405"]
[BlackElo "2435"]
[Annotator "Ribli,Z"]
[PlyCount "55"]
[EventDate "1994.04.??"]
[EventType "tourn"]
[EventRounds "11"]
[EventCountry "ARG"]
[EventCategory "9"]
[SourceTitle "CBM 042"]
[Source "ChessBase"]
[SourceDate "1994.10.01"]
[SourceVersion "1"]
[SourceVersionDate "1994.10.01"]
[SourceQuality "1"]

1. Nf3 Nf6 2. c4 g6 3. Nc3 d5 4. cxd5 Nxd5 5. Qa4+ Bd7 6. Qh4 Bc6 (6... Nxc3 7.
Qd4 $1 (7. dxc3 Nc6 8. e4 e5 9. Bg5 Be7 10. Bc4 h6 11. Bxe7 Qxe7 12. O-O-O $5
$10 {Kramnik,V-Yudasin,L/Wijk cm/1994/CBM39/}) 7... f6 8. Qxc3 Bg7 9. e3 e5 10.
b4 $14 {Greenfeld,A-Stohl,I/Pardubice/1993/CBM37/}) 7. Qd4 f6 8. e4 $5 (8. e3
$1 a5 9. Be2 Qd6 10. Ne4 Qb4 11. a3 $14 {Ribli,Z-Mikhalchishin,A/BL9394/1994/})
8... Nxc3 (8... e5 9. Nxe5 $1 $16 {Pogorelov,R-Dekic,J/Budapest Spring/1990/})
9. bxc3 Nd7 (9... e5 10. Qe3 Qe7 11. a4 $1 Nd7 12. Bb5 $14 {Polgar,Zsu-Peelen,
P/Wijk-B/1990/CBM17/}) (9... Qxd4 10. Nxd4 Bxe4 $2 11. Ne6 $18) 10. Qe3 e5 11.
d4 (11. a4 Nc5 $13) 11... Bd6 (11... exd4 12. Nxd4 $1 $14) 12. a4 b6 13. a5 (
13. Bb5 $1 Bxb5 14. axb5 $14) 13... Qe7 14. Bd3 O-O 15. O-O Rae8 16. Re1 Qg7
17. axb6 axb6 18. d5 (18. Ba3 $5) 18... Bb7 19. Bb5 (19. Ra7 Nc5 $10) 19... Ra8
20. Bb2 Nc5 21. Nd2 Qe7 22. Nc4 Nb3 23. Rxa8 Rxa8 24. Nxd6 Qxd6 25. c4 Qb4 26.
Bc3 Qc5 27. Qxc5 Nxc5 28. f3 1/2-1/2

[Event "Donner Memorial-A"]
[Site "Amsterdam"]
[Date "1994.??.??"]
[Round "8"]
[White "Van der Sterren, Paul"]
[Black "Xie, Jun"]
[Result "0-1"]
[WhiteElo "2605"]
[BlackElo "2515"]
[Annotator "Ribli,Z"]
[PlyCount "110"]
[EventDate "1994.08.??"]
[EventType "tourn"]
[EventRounds "9"]
[EventCountry "NED"]
[EventCategory "15"]
[SourceTitle "CBM 043"]
[Source "ChessBase"]
[SourceDate "1994.12.01"]
[SourceVersion "1"]
[SourceVersionDate "1994.12.01"]
[SourceQuality "1"]

1. Nf3 {Hecht} Nf6 2. c4 g6 3. g3 Bg7 4. Bg2 O-O 5. Nc3 d5 6. cxd5 Nxd5 7. O-O
Nc6 8. Nxd5 $6 (8. d4 $5) 8... Qxd5 9. d3 Qb5 $1 (9... Qh5 $6 10. Qb3 $1 $14 {
Ribli,Z-Honfi,K/HUN-ch/1974/}) 10. Rb1 a5 11. Be3 (11. b3 a4 12. Bb2 Bxb2 13.
Rxb2 Be6 $13 {Bertholee,R-Hellers,F/Amsterdam Ohra-B/1990/CBM20/}) 11... a4 12.
Qd2 Be6 13. a3 (13. b3 axb3 14. axb3 Ra3 $17) 13... Na5 14. Bh6 (14. Nd4 $5
Bxd4 15. Bxd4 Nb3 $15) 14... Nb3 15. Qe3 Rfd8 16. Bxg7 Kxg7 17. d4 Rd7 18. Qc3
Qa5 $15 19. Rfe1 f6 20. Qxa5 Rxa5 21. Rbd1 Rb5 22. e3 Na5 23. d5 (23. Re2 Nc4
$17) 23... Bf7 (23... Bxd5 $2 24. Nd4 Rc5 25. e4 $1 Bf7 26. Nf5+ gxf5 27. Rxd7
$16) (23... Rbxd5 $2 24. Nd4 $16) 24. Rd4 Rxb2 25. Rxa4 Rxd5 26. e4 (26. Nd4
Rc5 $17) 26... Rdb5 27. Bf1 Rc5 28. e5 (28. Rb4 Ra2 $19) 28... Nc6 29. exf6+
exf6 30. Nd4 b5 $1 31. Nxb5 Rbxb5 32. Bxb5 Rxb5 33. Rc1 Bd5 34. Ra6 Nd4 $19 35.
Rxc7+ Kh6 36. f4 Rb2 37. Raa7 Nf3+ 38. Kf1 Bc4+ 39. Rxc4 Nd2+ 40. Ke2 Nxc4+ 41.
Kd3 Nd6 42. Rd7 Rb3+ 43. Kc2 Rb6 44. a4 Ne4 45. a5 Ra6 46. Rd5 Nd6 47. Kc3 Nb7
48. Kb4 f5 49. Rb5 Nxa5 $1 50. Rxa5 Rxa5 51. Kxa5 g5 (51... Kh5 {Hecht} 52. h3
g5 (52... h6 53. Kb4 g5 54. fxg5 hxg5 55. Kc3 g4 (55... f4 56. gxf4 gxf4 57.
Kd2 Kh4 58. Ke2 Kg3 59. Kf1 $10) 56. h4 (56. hxg4+ Kxg4 57. Kd2 Kxg3 58. Ke2 f4
59. Kf1 Kf3 $19) 56... f4 57. Kd3 (57. gxf4 g3 $19) 57... fxg3 58. Ke2 Kxh4 59.
Kf1 Kh3 60. Kg1 g2 61. Kf2 Kh2 $19) 53. fxg5 Kxg5 54. Kb4 f4 $2 (54... h5 55.
Kc3 h4 56. gxh4+ Kxh4 57. Kd2 Kg3 $2 (57... Kxh3 $1 58. Ke3 Kg3 59. Ke2 f4 60.
Kf1 Kf3 $19) 58. Ke2 Kg2 59. Ke3 Kg3 60. Ke2 f4 61. Kf1 $10) 55. h4+ $1 Kg4 56.
gxf4 Kxf4 57. h5 Kg5 58. Kc3 Kxh5 59. Kd3 Kg4 60. Ke2 Kg3 61. Kf1 $10) 52. Kb4
(52. fxg5+ Kxg5 53. h3 (53. Kb4 Kg4 54. Kc4 Kh3 55. Kd4 Kxh2 56. Ke5 Kxg3 57.
Kxf5 h5 58. Kg5 h4 $19) 53... h5 $1 (53... f4 {Hecht} 54. h4+ Kg4 55. gxf4 Kxf4
56. h5 Kg5 57. Kb4 Kxh5 58. Kc3 Kg4 59. Kd2 Kf3 60. Ke1 Kg2 61. Ke2 h5 $19) 54.
Kb4 h4 55. gxh4+ Kxh4 56. Kc3 Kxh3 $19) 52... gxf4 53. gxf4 Kh5 54. Kc4 Kg4 55.
Kd3 Kf3 $1 (55... Kh3 $2 {Hecht} 56. Kd4 Kxh2 57. Ke5 Kg3 58. Kxf5 h5 59. Kg5
$10) (55... Kxf4 {Hecht} 56. Ke2 Ke4 57. Kf2 f4 58. Ke2 f3+ 59. Kf2 Kf4 60. Kf1
Ke3 61. Ke1 f2+ 62. Kf1 Kf3 63. h4 h6 64. h5 Ke3 $19 {nach Studien von N.
Grigorieff(1920) und A.Bauer(1911)}) (55... Kf3 {Hecht} 56. Kd2 (56. Kd4 Kxf4
$19) (56. h3 Kxf4 57. Ke2 Kg3 $19) 56... Kg2 57. Ke3 Kxh2 58. Kd4 Kg3 59. Ke5
Kg4 $19) 0-1

[Event "OHRA-B"]
[Site "Amsterdam"]
[Date "1990.??.??"]
[Round "1"]
[White "Bertholee, Rob"]
[Black "Hellers, Ferdinand"]
[Result "0-1"]
[WhiteElo "2360"]
[BlackElo "2520"]
[Annotator "Ribli,Z"]
[PlyCount "88"]
[EventDate "1990.07.??"]
[EventType "swiss"]
[EventRounds "9"]
[EventCountry "NED"]
[SourceTitle "CBM 020"]
[Source "ChessBase"]
[SourceDate "1991.02.01"]
[SourceVersion "1"]
[SourceVersionDate "1991.02.01"]
[SourceQuality "1"]

1. c4 Nf6 2. Nc3 g6 3. g3 Bg7 4. Bg2 O-O 5. Nf3 d5 6. cxd5 Nxd5 7. O-O Nc6 8.
Nxd5 (8. Ng5 e6 $5 (8... Nf6 $6 9. d3 Bd7) 9. d3 b6 10. Rb1 Nce7 11. Nge4 c5
12. Bg5 h6 13. Bd2 Bb7 $10 {Cebalo-Kozul JUG 1989 48/8}) 8... Qxd5 9. d3 Qb5
10. Rb1 a5 11. b3 a4 12. Bb2 Bxb2 13. Rxb2 Be6 14. Qc1 (14. Qd2 axb3 15. axb3
Qb4 16. Qxb4 Nxb4 $10 {Andersson-Olafsson Wijk aan Zee 1976}) 14... axb3 15.
axb3 Ra3 16. b4 Ra2 17. Qh6 f6 18. Rfb1 Rxb2 19. Rxb2 Ra8 20. h4 Ra4 21. Qe3
Bd5 22. Qc5 Qxc5 23. bxc5 Rb4 24. Rxb4 Nxb4 25. Nd2 Bxg2 26. Kxg2 Kf7 27. Kf3
e5 28. Nb3 Nc6 29. e4 $2 (29. Ke3) 29... Nd4+ 30. Nxd4 exd4 31. Ke2 Ke6 32. Kd2
Kd7 33. Kc2 Kc6 34. f4 h5 35. Kb3 Kxc5 36. Ka4 b6 37. Kb3 c6 38. Ka4 Kd6 39.
Kb4 b5 40. Kb3 c5 41. Kb2 c4 42. dxc4 bxc4 43. Kc2 c3 44. Kd3 Kc5 0-1